000 00444nam a2200097Ia 4500
008 180130s9999 xx 000 0 und d
245 _cTrifunovic, Nemanja; Milutinovic, Veljko; Salom, Jakob; Kos, Anton
_aParadigm shift in big data supercomputing: dataflow vs controlflow
260 _c2016
300 _aBook title: Big data analytics : (database management systems)--Acession number C20736; pages 194-202
650 _aDATABASE MANAGEMENT SYSTEMS
999 _c354393
_d354393